| 000 | 00661cam a22002293a 4500 | ||
|---|---|---|---|
| 001 | 13802 | ||
| 003 | PGUSA | ||
| 005 | 20140828083309.0 | ||
| 008 | 041020s2004||||xxu|||||s|||||000 | eng d | ||
| 040 |
_aPGUSA _beng |
||
| 042 | _adc | ||
| 050 | 4 | _aDL | |
| 100 | 1 | _aEngelen, Clara | |
| 245 | 1 | 0 |
_aIndrukken van Finland : _bDe Aarde en haar Volken, 1906 _h[electronic resource] / _cClara Engelen |
| 260 |
_bProject Gutenberg, _c2004 |
||
| 506 | _aPublic domain in the USA. | ||
| 516 | _aElectronic text | ||
| 653 | _aFinland -- Description and travel | ||
| 830 | 0 |
_aProject Gutenberg _v13802 |
|
| 856 | 4 | 0 | _uhttp://www.gutenberg.org/ebooks/13802 |
| 942 | _cEB | ||
| 999 |
_c243057 _d243057 |
||